Normal view
MARC view
Entry Personal Name
001 - CONTROL NUMBER
- control field: 19941
003 - CONTROL NUMBER IDENTIFIER
- control field: ARRUPE
005 - DATE AND TIME OF LATEST TRANSACTION
- control field: 20150916104158.0
008 - FIXED-LENGTH DATA ELEMENTS
- fixed length control field: 150916|| aca||aabn | a|a d
040 ## - CATALOGING SOURCE
- Original cataloging agency: ARRUPE
- Transcribing agency: ARRUPE
100 ## - HEADING--PERSONAL NAME
- Personal name: Valette, P
- Relator term: ed.
670 ## - SOURCE DATA FOUND
- Source citation: Work cat.: (ARRUPE)123314: Rabearivelo, Jean-Joseph, 1901-1937. 13302, J.J. Rabearivelo, [1967]